States With NBA Teams - Sudden Death - Statistics

General Stats
  • This quiz has been taken 833 times
  • The average score is 11 of 21
Answers on the Grid
Answers color-coded by a green-red scale on the quiz's grid according to % correct below.
Alabama
Alaska
Arizona
Arkansas
California
Colorado
Connecticut
Delaware
Florida
Georgia
Hawaii
Idaho
Illinois
Indiana
Iowa
Kansas
Kentucky
Louisiana
Maine
Maryland
Massachusetts
Michigan
Minnesota
Mississippi
Missouri
Montana
Nebraska
Nevada
New Hampshire
New Jersey
New Mexico
New York
North Carolina
North Dakota
Ohio
Oklahoma
Oregon
Pennsylvania
Rhode Island
South Carolina
South Dakota
Tennessee
Texas
Utah
Vermont
Virginia
Washington
West Virginia
Wisconsin
Wyoming
 
Answer Stats
Answer % Correct
California
87%
Florida
84%
Arizona
70%
Indiana
66%
Colorado
63%
Georgia
59%
Illinois
58%
Minnesota
56%
New York
56%
Oklahoma
47%
Texas
47%
Louisiana
46%
Massachusetts
44%
Michigan
44%
Utah
44%
Ohio
41%
Pennsylvania
36%
North Carolina
32%
Oregon
32%
Tennessee
32%
Wisconsin
28%
No matching quizzes found
Score Distribution
Percent of People with Each Score
Percentile by Number Answered
Your Score History
You have not taken this quiz